| 000 | 00409nam a2200181Ia 4500 | ||
|---|---|---|---|
| 005 | 20250423100519.0 | ||
| 008 | 250422s9999 xx 000 0 und d | ||
| 020 | _a9780130282712 | ||
| 050 | _aTR 145. P46/ | ||
| 100 | _aLondon, Barbara | ||
| 245 | 0 | _aPhotography | |
| 250 | _a7th ed. | ||
| 260 | _aNew Jersey | ||
| 260 | _bPearson Education, Inc. | ||
| 260 | _c2002 | ||
| 300 | _a426 p | ||
| 942 | _cBK | ||
| 999 |
_c33535 _d33535 |
||